000 00421nam a2200181Ia 4500
001 10772
005 20260306161856.0
008 260306t1975||||xx |||||||||||||| ||spa||
041 _aESP
082 _a949.5
_bF52C
100 _aFinley, M. I.
_eAUT
245 0 _aLos griegos de la antigüedad
260 _c1975
300 _a194 páginas :
_c20 cm.
650 _aGEN
654 _aCHU
942 _cLIB
_dJUS
_fJUS
_2ddc
_n
999 _c10772
_d10772